| 000 | 00715nam a22001817a 4500 | ||
|---|---|---|---|
| 999 |
_c175034 _d175034 |
||
| 005 | 20200805124710.0 | ||
| 010 | _aENG-128305 | ||
| 020 |
_c365.00 _a9789352837359 |
||
| 035 | _aEN-111837 | ||
| 037 | _bDBAD/PUB | ||
| 082 |
_a511.1 _29th ed. |
||
| 100 | _aSarkar,Swapan Kumar | ||
| 245 |
_aA Textbook of Discrete Mathematics/ _cby Swapan Kumar Sarkar _bfor B.E/B.Tech.,B.SC. and M.Sc. (Computer Science),BCA, MCA AND Other Computer Related Professional Courses: |
||
| 260 |
_aNew Delhi _bS.Chand _c2019 |
||
| 270 |
_aHead Office:7361,Ram Nagar,Qutab Rord _bNew Delhi _e110055 _k23672080 _l91-11-23677446 _minfo@schandpublishing.com |
||
| 300 |
_axv;844p. _c24cm(pbk) |
||
| 942 |
_2ddc _cEN _h511.0 _mSAR |
||